Enrique IV

Guardat en:
Dades bibliogràfiques
Autor principal: Shakespeare, William (Autor)
Format: Llibre
Idioma:espanyol
Publicat: Barcelona Rodesa 2003
Matèries:
Etiquetes: Afegir etiqueta
Sense etiquetes, Sigues el primer a etiquetar aquest registre!

MARC

LEADER 00000nam a2200000 a 4500
001 UCK7921
003 CL-VaPUC
008 051230e20030000SP |||||||||||||||||spa|d
020 |a 8447329534 
082 0 4 |a 822  |b SHA  |2 21 
100 |a Shakespeare, William  |e author  |9 265757 
245 1 0 |a Enrique IV 
300 |a 239 p 
942 |c BK 
945 |d 20051230 00:00:00  |a jtorresc 
260 |a Barcelona  |b Rodesa  |c 2003 
500 |a 1ra. Parte 
600 0 |a Shakespeare, William  |9 265757 
650 0 |a Teatro inglés  |9 265744 
650 0 |a Crítica e interpretación   |9 255042 
583 |a last modification  |c 20051230 00:00:00  |k Rodrigo Vera 
999 |c 315756  |d 315754 
952 |0 0  |1 0  |4 0  |6 822_000000000000000_SHA_2003  |7 0  |8 A  |9 389427  |a BIBING  |b BIBING  |d 2019-11-22  |i 4194454  |o 822 SHA 2003  |p 4194454  |r 2025-01-20  |w 2019-11-22  |y BK  |k ING